Diputació de Barcelona : imatge gràfica institucional / disseny i realització: Jordi Matas i Queralt, Victòria Vila i Sanmartín, i equip imatge gràfica institucional / disseny i realització:
Descripción Física:
[58] f. : molts d'ells pleg. ; 32 cm
MARC
| LEADER | 00000nam a2200000Ia 4500 | ||
|---|---|---|---|
| 001 | 9147 | ||
| 008 | 160829s1986 xx 000 0 cat d | ||
| 080 | |a FOL-1-48 | ||
| 110 | 1 | |a Barcelona (Catalunya : Província). |b Diputació |9 52408 | |
| 245 | |a Diputació de Barcelona : |b imatge gràfica institucional / disseny i realització: |b Jordi Matas i Queralt, Victòria Vila i Sanmartín, i equip | ||
| 260 | |a Barcelona : |b Diputació de Barcelona, |c 1986 | ||
| 300 | |a [58] f. : |b molts d'ells pleg. ; |c 32 cm |x relligat amb anelles metàl·liques | ||
| 590 | |a Inclou el logotip, l'anagrama i l'escut de la Diputació | ||
| 650 | 0 | |a Imatge corporativa |z Barcelona (Província) |9 53961 | |
| 650 | |a Barcelona. Diputació |x Heràldica |9 47923 | ||
| 700 | |a Matas i Queralt, Jordi |9 47924 | ||
| 700 | |a Vila i Sanmartín, Victòria |9 47925 | ||
| 866 | |a Vol. 1: Manual de normes. | ||
| 901 | |a Arxiu | ||
| 942 | |n 1 | ||
| 952 | |0 0 |1 0 |4 0 |6 FOL148 |7 1 |9 54205 |a Arxiu |b Arxiu |d 2016-12-01 |l 0 |o FOL-1-48 |p 9147 |r 2016-12-01 00:00:00 |w 2016-12-01 |y ARXIU | ||
| 999 | |c 58074 |d 58074 | ||